science of pleasure (Record no. 238162)

000 -LEADER
fixed length control field 00238 a2200109 4500
001 - CONTROL NUMBER
control field 3089
082 ## - DEWEY DECIMAL CLASSIFICATION NUMBER
Classification number 302.12 FER
090 ## - LOCALLY ASSIGNED LC-TYPE CALL NUMBER (OCLC); LOCAL CALL NUMBER (RLIN)
-- 2370
-- 2370
100 ## - MAIN ENTRY--PERSONAL NAME
Personal name Ferguson, H
245 ## - TITLE STATEMENT
Title science of pleasure
260 ## - PUBLICATION, DISTRIBUTION, ETC.
Place of publication, distribution, etc. london
Name of publisher, distributor, etc. Routledge
Date of publication, distribution, etc. 1990
942 ## - ADDED ENTRY ELEMENTS (KOHA)
Institution code [OBSOLETE] NUST-CAE
Call number prefix 302.12 FER
Holdings
Withdrawn status Lost status Damaged status Not for loan Collection code Permanent Location Current Location Date acquired Total Checkouts Full call number Barcode Date last seen Price effective from Koha item type
          College of Aeronautical Engineering (CAE) College of Aeronautical Engineering (CAE) 04/03/2017   302.12 FER CAE65694 04/05/2017 04/05/2017 Book
© 2023 Central Library, National University of Sciences and Technology. All Rights Reserved.